000 00660nam a2200241Ia 4500
003 OSt
005 20220918221953.0
006 a|||||r|||| 00| 0
007 ta
008 220917b |||||||| |||| 00| 0 eng d
024 _a214,062
037 _cTextual
040 _aARTS
_cARTS
_beng
041 _2eng
_aeng
082 _a/\2x7M52x, P2
100 _aGopalakrishnan P V
_9141823
245 0 _aBrahmananda Swamisivayogi and his selected works
260 _aDelhi
_bKalpaz Publications
_c2002
300 _a264p
_ccm.
650 _aSPIRITUALISM
942 _h/\2x7M52x, P2
_cTEXL
_2CC
999 _c274125
_d274125